| 000 | 00670nam a2200181Ia 4500 | ||
|---|---|---|---|
| 008 | 100920s9999 xx 000 0 und d | ||
| 082 |
_b88220 _a51 थ 34 |
||
| 100 | _aबापट जगन्नाथ विष्णु. | ||
| 245 | _aदर्यावर्दी कोलंबस. | ||
| 260 |
_bकेशव भिकाजी ढवळे, गिरगांव, मुंबई 4. _c1934 |
||
| 300 |
_a102 _bसाधी |
||
| 365 | _b0 | ||
| 520 | _aचरित्र. | ||
| 630 | _aदर्यावर्दी कोलंबस. | ||
| 650 | _aचरित्र. | ||
| 730 | _aदर्यावर्दी कोलंबस. | ||
| 942 | _cBOOK | ||
| 999 |
_c728725 _d728722 |
||